000
00312nam a22001217a 4500
999
_c
263288
_d
263287
020
_a
9780763637040
100
_a
Martin, David,
245
_a
Let's have a tree party
250
_a
1st ed.
260
_a
Somerville, Mass.
_b
Candlewick Press,
_c
2012.
300
_a
1 v. (unpaged) :
_b
col. ill. ;
942
_c
BK